000 00616nam a2200229Ia 4500
003 OSt
005 20221002053717.0
006 a|||||r|||| 00| 0
007 ta
008 220930b |||||||| |||| 00| 0 eng d
024 _a56538
037 _cReference Collections
040 _aCRL
_cCRL
_beng
041 _2eng
_aeng
082 _aU.1k, M9(RR)
245 0 _aDictionary of world place names derived from British names.
260 _aLondon
_bRoutledge
_c1989
300 _a220p.
_ccm.
650 _aGEOGRAPHY
942 _hU.1k, M9(RR)
_cref
_2CC
999 _c922998
_d922998